Newton a karteziánska fyzika

Vplyv karteziánskej fyziky na nasledujúce generácie učencov. Karteziánske princípy Newtonovej fyziky. Vzťah medzi newtonovskou a karteziánskou fyzikou a dejiny vedy a filozofie.

Salvato in:
Dettagli Bibliografici
Autore principale: Kvasz, Ladislav
Natura: Capitolo di libro
Lingua:slovacco
Soggetti:
Tags: Aggiungi Tag
Nessun Tag, puoi essere il primo ad aggiungerne!!

MARC

LEADER 00000naa$a2200000$$$4500
001 0072079
005 20231121094043.9
041 0 |a slo 
044 |a SK 
245 1 0 |a Newton a karteziánska fyzika  |c Ladislav Kvasz 
520 |a Vplyv karteziánskej fyziky na nasledujúce generácie učencov. Karteziánske princípy Newtonovej fyziky. Vzťah medzi newtonovskou a karteziánskou fyzikou a dejiny vedy a filozofie. 
610 2 0 |a filozofia 
610 2 0 |a fyzika 
610 2 0 |a Newton, I. 
610 2 0 |a veda 
610 2 0 |a dejiny filozofie 
100 1 |a Kvasz, Ladislav